00160 a2200061 450000100060000024500530000626000390005962524 aNew dictionary of scientific and technical terms aLebanonbLibrairie dul libanc1979